Réalisateurs #2 - Statistiques

Statistiques générales
  • Ce quiz a été pris 161 fois
  • Le résultat moyen est 93 sur 250
Statistiques - réponses
Film Année Réponse % Correct
Subway 1985 Luc Besson
94%
Nikita 1990 Luc Besson
94%
Jeanne d'Arc 1999 Luc Besson
94%
Arthur et les Minimoys 2006 Luc Besson
94%
Arthur et la Vengeance de Maltazard 2009 Luc Besson
94%
Arthur 3 : La Guerre des deux mondes 2010 Luc Besson
94%
La Guerre des mondes 2005 Steven Spielberg
86%
Lost in Translation 2003 Sofia Coppola
78%
Comédie érotique d'une nuit d'été 1982 Woody Allen
78%
Le Sorilège du scorpion de Jade 2001 Woody Allen
78%
Match Point 2005 Woody Allen
78%
Vicky Christina Barcelona 2008 Woody Allen
78%
Le Nom de la rose 1986 Jean-Jacques Annaud
75%
L'Ours 1988 Jean-Jacques Annaud
75%
Deux frères 2004 Jean-Jacques Annaud
75%
Aviator 2004 Martin Scorsese
75%
Eyes Wide Shut 1999 Stanley Kubrick
73%
The Social Network 2010 David Fincher
71%
Invictus 2009 Clint Eastwood
70%
J Edgar 2011 Clint Eastwood
70%
King Kong 2005 Peter Jackson
70%
La Corde 1948 Alfred Hitchcock
68%
La Main au collet 1955 Alfred Hitchcock
68%
Kingdom of Heaven 2005 Ridley Scott
67%
Spider-Man 2002 Sam Raimi
66%
Spider-Man 2 2004 Sam Raimi
66%
Spider-Man 3 2007 Sam Raimi
66%
Talons Aiguilles 1991 Pedro Almodovar
65%
Le Nouveau Monde 2005 Terrence Malick
63%
The Tree of Life 2011 Terrence Malick
63%
Harry Potter les Reliques de la mort : 1ère partie 2010 David Yates
62%
Armageddon 1998 Michael Bay
62%
Pearl Harbor 2001 Michael Bay
62%
Transformers 2007 Michael Bay
62%
Collateral 2004 Michael Mann
61%
Public Enemies 2009 Michael Mann
61%
Obsession 1976 Brian De Palma
59%
Body Double 1984 Brian De Palma
59%
L'Impasse 1993 Brian De Palma
59%
Le Pôle Express 2004 Robert Zemeckis
59%
Le Cid 1961 Anthony Mann
58%
Harry Potter et le Prisonnier d'Azkaban 2004 Alfonso Cuaron
57%
Harry Potter à l'école des sorciers 2001 Chris Columbus
57%
Percy Jackson : Le Voleur de foudre 2010 Chris Columbus
57%
Blood Simple 1984 Coen
57%
The Barber 2001 Coen
57%
A Serious Man 2009 Coen
57%
True Grit 2010 Coen
57%
Les Visiteurs 1993 Jean-Marie Poiré
57%
Barberousse 1965 Akira Kurosawa
56%
Kagemusha 1980 Akira Kurosawa
56%
Kaïro 2001 Kiyoshi Kurosawa
56%
Polisse 2011 Maiwenn
56%
Le Locataire 1976 Roman Polanski
56%
Memories of Murder 2003 Bong Joon-ho
54%
Mother 2009 Bong Joon-ho
54%
Sherlock Holmes 2009 Guy Ritchie
54%
Sherlock Holmes : Jeu d'ombres 2011 Guy Ritchie
54%
Le Jour d'après 2004 Roland Emmerich
53%
Hellboy II : Les Légions d'or maudites 2008 Guillermo del Toro
52%
Hamlet 1996 Kenneth Branagh
52%
Thor 2011 Kenneth Branagh
52%
Scream 3 2000 Wes Craven
51%
Les Noces rebelles 2008 Sam Mendes
49%
L'Imaginarium du Docteur Parnassus 2009 Terry Gilliam
49%
Hulk 2003 Ang Lee
48%
L'Opinion publique 1923 Charlie Chaplin
48%
Le Cirque 1928 Charlie Chaplin
48%
Le Jour des morts-vivants 1985 George A. Romero
48%
Incidents de parcours 1988 George A. Romero
48%
Survival of the Dead 2009 George A. Romero
48%
Pirates des Caraïbes : Le Secret du coffre maudit 2006 Gore Verbinski
48%
Pirates des Caraïbes : Jusqu'au bout du monde 2007 Gore Verbinski
48%
Rango 2011 Gore Verbinski
48%
Andrei Roublev 1966 Andrei Tarkovski
47%
Australia 2008 Baz Luhrmann
47%
Le Déclin de l'empire américain 1986 Denys Arcand
47%
Jésus de Montréal 1989 Denys Arcand
47%
Les Invasions barbares 2003 Denys Arcand
47%
L'Âge des ténèbres 2007 Denys Arcand
47%
Babylon A.D. 2008 Matthieu Kassovitz
47%
Master and Commander 2003 Peter Weir
47%
Phénomènes 2008 Shyamalan
47%
L'incroyable Hulk 2008 Louis Leterrier
46%
Le Choc des Titans 2010 Louis Leterrier
46%
Short Cuts 1993 Robert Altman
46%
Le Vieux Fusil 1975 Robert Enrico
44%
Que la bête meure 1969 Claude Chabrol
43%
The Yards 2000 James Gray
43%
Two Lovers 2009 James Gray
43%
Pusher 1996 Nicolas Winding Refn
43%
Pusher II 2004 Nicolas Winding Refn
43%
Pusher III 2005 Nicolas Winding Refn
43%
La Reine Margot 1994 Patrice Chéreau
41%
Mirrors 2008 Alexandre Aja
39%
Iron Man 2008 Jon Favreau
38%
Iron Man 2 2010 Jon Favreau
38%
Harry Potter la coupe de feu 2005 Mike Newell
38%
Prince of Persia 2010 Mike Newell
38%
Alien vs Predator 2004 Paul W.S. Anderson
38%
Hancock 2008 Peter Berg
38%
La Malédiction 1976 Richard Donner
38%
L'Arme fatale 1987 Richard Donner
38%
Alexandre Nevski 1938 Serguei Eisenstein
38%
Ivan le Terrible 1944 Serguei Eisenstein
38%
Tartuffe 1926 Friedrich-Wilhelm Murnau
37%
L'Aurore 1927 Friedrich-Wilhelm Murnau
37%
Taxi 1998 Gérard Pirès
37%
La Source 1960 Ingmar Bergman
37%
Soyez sympas, rembobinez 2008 Michel Gondry
37%
Bug 2007 William Friedkin
37%
Agora 2009 Alejandro Amenabar
35%
Cars 2006 John Lasseter
35%
Sa Majesté des Mouches 1963 Peter Brook
35%
La Folle Histoire du monde 1981 Mel Brooks
34%
Un conte de Noël 2008 Arnaud Desplechin
33%
Esther Kahn 2000 Arnaud Desplechin
33%
Wallace et Gromit : Le Mystère du Lapin-garou 2005 Nick Park
33%
Uranus 1990 Claude Berri
32%
Le Dernier Samourai 2003 Edward Zwick
32%
Le Trou 1960 Jacques Becker
32%
Troie 2004 Wolfgang Petersen
32%
Taxi 2 2000 Gérard Krawczyk
29%
Taxi 3 2003 Gérard Krawczyk
29%
Fanfan la Tulipe 2003 Gérard Krawczyk
29%
Taxi 4 2007 Gérard Krawczyk
29%
La Nuit de l'iguane 1964 John Huston
29%
Vengeance 2009 Johnnie To
29%
Bloody Sunday 2002 Paul Greengrass
29%
Le Cuisinier, le Voleur, sa Femme et son Amant 1989 Peter Greenaway
29%
La Momie : La Tombe de l'Empereur Dragon 2008 Rob Cohen
29%
7h58 ce samedi-là 2007 Sidney Lumet
29%
Dracula 1931 Tod Browning
29%
La Légende de Zorro 2005 Martin Campbell
28%
Casino Royale 2006 Martin Campbell
28%
Cube 1997 Vincenzo Natali
28%
Splice 2009 Vincenzo Natali
28%
Twilight Chaptire 1 : Fascination 2008 Catherine Hardwicke
27%
Hunger Games 2012 Gary Ross
27%
Chronicle 2012 Josh Trank
27%
Cloverfield 2008 Matt Reeves
27%
A l'Attaque 2000 Robert Guédiguian
27%
La ville est tranquille 2001 Robert Guédiguian
27%
Lady Jane 2008 Robert Guédiguian
27%
I, Robot 2004 Alex Proyas
25%
Le Retour 2003 Andrei Zvyagintsev
25%
Le Bannissement 2008 Andrei Zvyagintsev
25%
Le Monde de Narnia : Chapitre 1 - Le Lion, la Sorcière blanche et l'Armoire magique 2005 Andrew Adamson
25%
Le Monde de Narnia - Chapitre 2 - Le Prince Caspian 2008 Andrew Adamson
25%
John Carter 2012 Andrew Stanton
25%
La Mort de Dante Lazarescu 2006 Cristi Puiu
25%
Mr. & Mrs Smith 2005 Doug Liman
25%
Jumper 2008 Doug Liman
25%
Je suis une légende 2007 Francis Lawrence
25%
Valentines Day 2010 Garry Marshall
25%
Un sac de billes 1975 Jacques Doillon
25%
Le Prisonnier d'Alcatraz 1962 John Frankenheimer
25%
French Connection 2 1975 John Frankenheimer
25%
Paranormal Activity 2009 Oren Peli
25%
Pirates des Caraïbes : La Fontaine de Jouvence 2011 Rob Marshall
25%
L'Esprit de la ruche 1973 Victor Erice
25%
Raiponce 2010 Byron Howard
24%
L'Exorciste 2 1977 John Boorman
24%
L'effet papillon 2004 Eric Bress
23%
Le Maître de musique 1998 Gérard Corbiau
23%
Farinelli 1994 Gérard Corbiau
23%
Mon beau-père et moi 2000 Jay Roach
23%
Le Pressentiment 2006 Jean-Pierre Darroussin
23%
REC3 2012 Paco Plaza
23%
Poil de carotte 2003 Richard Bohringer
23%
Les Revenants 2004 Robin Campillo
23%
La Zona 2008 Rodrigo Pla
23%
La Planète des singes 2011 Rupert Wyatt
23%
Very Bad Cops 2010 Adam McKay
22%
Crin Blanc 1953 Albert Lamorisse
22%
A la croisée des mondes : La Boussole d'or 2007 Chris Weitz
22%
La Vague 2008 Dennis Gansel
22%
L'invasion des profonateurs de sépultures 1956 Don Siegel
22%
L'Evadé d'Alcatraz 1979 Don Siegel
22%
Le Secret de Térabithia 2007 Gabor Csupo
22%
L'Emploi du temps 2001 Laurent Cantet
22%
Ulysse contre Hercule 1961 Mario Caiano
22%
Bouquet final 2008 Michel Delgado
22%
Le Roi et l'Oiseau 1980 Paul Grimault
22%
American Pie 1999 Paul Weitz
22%
Welcome 2009 Philippe Lioret
22%
Le Géant de Thessalie 1960 Riccardo Freda
22%
Barabbas 1961 Richard Fleischer
22%
Las Vegas 21 2008 Robert Luketic
22%
L'Abominable vérité 2009 Robert Luketic
22%
Kiss & Kill 2010 Robert Luketic
22%
Ajami 2010 Yaron Shani
22%
Kippour 2000 Amos Gitai
20%
La Proposition 2009 Anne Fletcher
20%
La Faille 2007 Gregory Hoblit
20%
Intraçable 2008 Gregory Hoblit
20%
Les Noces barbares 1987 Marion Hansel
20%
Les Chroniques de Spiderwick 2008 Mark Waters
20%
Les Voyages de Gulliver 2010 Rob Letterman
20%
Les Châtiments 2007 Stephen Hopkins
20%
Wallace et Gromit : Le Mystère du Lapin-garou 2005 Steve Box
20%
Les Désastreuses Aventures des orphelins Baudelaire 2004 Brad Silberling
19%
13 Tzameti 2006 Gela Babluani
19%
Battle Los Angeles 2011 Jonathan Liebesman
19%
Smoking Room 2002 Julio Wallovits
19%
Robin des Bois 1991 Kevin Reynolds
19%
L'effet papillon 2004 Mackye Gruber
19%
Le Veilleur de nuit 1998 Ole Bornedal
19%
Les Travaux d'Hercule 1958 Pietro Francisci
19%
Destination finale 4 2009 David R. Ellis
18%
La Copine de mon meilleur ami 2008 Howard Deutch
18%
Sex Friends 2011 Ivan Reitman
18%
Diabolique 1996 Jeremiah Chechik
18%
Shakespeare in Love 1998 John Madden
18%
L'Apprenti sorcier 2010 Jon Turteltaub
18%
Sex List 2011 Mark Mylod
18%
12 2007 Nikita Mikhalkov
18%
The Magdalene Sisters 2003 Peter Mullan
18%
La Dame de Fer 2012 Phyllida Lloyd
18%
Date limite 2010 Todd Phillips
18%
L'Exorciste 3 1990 William Peter Blatty
18%
Le Livre d'Eli 2010 Albert Hughes
16%
Le Livre d'Eli 2010 Allen Hughes
16%
17 ans encore 2009 Burr Steers
16%
Serial Noceurs 2005 David Dobkin
16%
Sept vies 2008 Gabriele Muccino
16%
Red 2010 Robert Schwentke
16%
Baraka 1992 Ron Fricke
16%
Ajami 2010 Scandar Copti
16%
La Momie 1999 Stephen Sommers
16%
La Montagne ensorcelée 2009 Andy Fickman
15%
Voyage au centre de la Terre 2 : L'île mystérieuse 2012 Brad Peyton
15%
Voyage au centre de la Terre 3D 2008 Eric Brevig
15%
Maria, pleine de grâve 2004 Joshua Marston
15%
Sex and the City 2008 Michael Patrick King
15%
Bangkok Dangerous 2008 Pang
15%
Crazy Kung Fu 2004 Stephen Chow
15%
Histoires enchantées 2008 Adam Shankman
14%
Les Neuf Reines 2000 Fabian Bielinsky
14%
Click 2006 Frank Coraci
14%
Bébé, mode d'emploi 2010 Greg Berlanti
14%
American Pie : Marions-les ! 2003 Jesse Dylan
14%
La Momie 1932 Karl Freund
14%
Raiponce 2010 Nathan Greno
14%
Ben X 2008 Nic Balthazar
14%
Les 4 Fantastiques et le Surfer d'Argent 2007 Tim Story
14%
Wanted 2008 Timur Bekmambetov
14%
Smoking Room 2002 Roger Gual
13%
Cars 2006 Joe Ranft
11%
Jackpot 2008 Tom Vaughan
11%
Aucun quiz correspondant
Distribution des résultats
% des personnes avec chaque résultat
Percentile par nombre de réponses
Votre historique - résultats
Vous n’avez pas pris ce quiz